Công nghệ hiện đại trong xây dựng cầu bê tông cốt thép
Sách được biên soạn nhằm giới thiếu các công nghệ hiện đại trong xây dựng các cầu thuộc hệ thống phức tạp như cầu dầm hẫng, dầm liên tục, cầu vòm ống thép nhồi bê tông, cầu khung, cầu dây, công nghệ đúc đầy, đúc hẫng cân bằng,...
Enregistré dans:
| Auteur principal: | |
|---|---|
| Format: | Livre |
| Langue: | Undetermined |
| Publié: |
Hà Nội
Xây dựng
2004
|
| Sujets: | |
| Tags: |
Ajouter un tag
Pas de tags, Soyez le premier à ajouter un tag!
|
| Thư viện lưu trữ: | Trung tâm Học liệu Trường Đại học Cần Thơ |
|---|
| LEADER | 01167nam a2200205Ia 4500 | ||
|---|---|---|---|
| 001 | CTU_119016 | ||
| 008 | 210402s9999 xx 000 0 und d | ||
| 020 | |c 38000 | ||
| 082 | |a 624.2 | ||
| 082 | |b Tr513 | ||
| 100 | |a Nguyễn, Viết Trung | ||
| 245 | 0 | |a Công nghệ hiện đại trong xây dựng cầu bê tông cốt thép | |
| 245 | 0 | |c Nguyễn Viết Trung | |
| 260 | |a Hà Nội | ||
| 260 | |b Xây dựng | ||
| 260 | |c 2004 | ||
| 520 | |a Sách được biên soạn nhằm giới thiếu các công nghệ hiện đại trong xây dựng các cầu thuộc hệ thống phức tạp như cầu dầm hẫng, dầm liên tục, cầu vòm ống thép nhồi bê tông, cầu khung, cầu dây, công nghệ đúc đầy, đúc hẫng cân bằng, đúc trên đà giáo di động, công nghệ nối liên tục hóa các nhịp dầm giản đơn, công nghệ chế tạo dần Super-T. | ||
| 650 | |a Bridges,Civil engineering,Concrete construction | ||
| 904 | |i Năm | ||
| 980 | |a Trung tâm Học liệu Trường Đại học Cần Thơ | ||